[Event "20th Prague Open 2022"]
[Site "Prague"]
[Date "2022.01.08"]
[Round "3.1"]
[White "Urkedal, Frode Olav Olsen"]
[Black "Lim, Zhuo Ren"]
[Result "1/2-1/2"]
[WhiteElo "2553"]
[BlackElo "2311"]
[Annotator "TA"]
[PlyCount "89"]
[EventDate "2022.01.07"]
[EventType "swiss"]
[EventCountry "CZE"]
[SourceTitle "playchess.com"]
[Source "ChessBase"]
[SourceQuality "1"]

{[%evp 9,89,1,32,30,35,35,40,32,39,40,33,36,33,29,47,16,23,8,23,0,0,0,71,66,58,76,91,90,90,104,109,114,104,24,16,8,11,8,10,10,19,15,15,25,25,20,119,9,8,8,11,8,8,8,8,8,8,8,8,8,8,8,8,8,8,0,0,0,0,0,0,0,0,0,0,0,0,0,0,0,0,0]} 1. d4 Nf6 2. c4 e6 3. Nf3 d5 4. Nc3 dxc4 5. e4 {[%cal Be2e4,Be4e5][%mdl 32]} b5 (5... Bb4 $5 {[%cal Rf6e4]}) 6. e5 {D24: Queen's Gambit Accepted: 3 Nf3 Nf6 4 Nc3.} Nd5 7. Nxb5 Nb6 8. Be2 {White is slightly better.} Nc6 9. O-O Be7 10. Nc3 {10.Qd2 is setting a new trend.} O-O 11. Be3 Rb8 12. a3 Bb7 13. Qc2 Na5 {[#]} 14. Ne4 $146 ({Predecessor:} 14. Rad1 h6 15. Nd2 Qd7 16. f4 Nd5 17. Nxd5 Bxd5 18. Qc3 Rb5 19. Nxc4 Nxc4 20. Bxc4 Bxc4 21. Qxc4 Rxb2 {½-½ (61) Mamedyarov,S (2801)-Caruana,F (2822) Saint Louis 2018}) 14... h6 15. Nfd2 Nd5 (15... Nc6 $11) 16. Nxc4 $16 {White is more active.} ({Reject} 16. Bxc4 Nxc4 17. Nxc4 Qd7 $11) 16... Nxc4 17. Bxc4 Nxe3 18. fxe3 Bxe4 19. Qxe4 {Threatens to win with Rf2.} Rxb2 20. Rf3 {And now Raf1 would win.} ({But not} 20. Bd3 g6 $11) 20... Qa8 21. d5 (21. Qxa8 $16 Rxa8 22. Raf1) 21... Rd2 $1 $11 {[%cal Re6d5]} 22. Bd3 {[%csl Gd3][%cal Re4h7]} g6 23. Rg3 {[%cal Og3g6] White wants to mate with Rxg6+!} Bg5 (23... Qxd5 $2 {gets mated.} 24. Rxg6+ $1 {[%mdl 512]} fxg6 25. Qxg6+ Kh8 26. Qh7#) 24. dxe6 Qxe4 25. Bxe4 Re8 26. exf7+ Kxf7 27. Rf1+ Kg7 {[#]} (27... Ke6 $11 {keeps the balance.}) 28. Rc1 (28. h4 $1 $16 {[%cal Rh4g5]} Rxe5 29. hxg5 Rxe4 30. gxh6+ Kh7 31. Rf7+ Kxh6 32. Rf6) 28... Rxe5 {The position is equal.} 29. Rxc7+ Kg8 {[#]} 30. h4 $1 Rd1+ 31. Kh2 Rxe4 32. hxg5 {[%mdl 4096] Endgame KRR-KRR} Rh4+ 33. Rh3 hxg5 34. Rxh4 gxh4 35. Rxa7 {KR-KR} Rd3 36. Kh3 g5 37. Kg4 Rxe3 38. Kxg5 Rg3+ 39. Kxh4 Rxg2 40. Re7 Kf8 41. Re3 Rg7 42. a4 (42. Rb3 $5 {[%cal Rb3b8]} Ra7 43. Kg5 $11) 42... Re7 43. Ra3 Ra7 44. Kg5 Ke7 45. Kf5 {Weighted Error Value: White=0.11 (very precise) /Black=0.12 (very precise)} 1/2-1/2

[Event "20th Prague Open 2022"]
[Site "Prague"]
[Date "2022.01.08"]
[Round "3.2"]
[White "Acor, Corey"]
[Black "Pijpers, Arthur"]
[Result "0-1"]
[WhiteElo "2303"]
[BlackElo "2485"]
[Annotator "TA"]
[PlyCount "42"]
[EventDate "2022.01.07"]
[EventType "swiss"]
[EventCountry "CZE"]
[SourceTitle "playchess.com"]
[Source "ChessBase"]
[SourceQuality "1"]

{[%evp 13,42,0,0,0,-5,-9,-4,6,34,-102,-90,-118,-119,-119,-114,-106,-109,-248,-258,-576,-505,-701,-693,-1209,-1137,-29980,-29980,-29980,-29981,-29989,-29990]} 1. e4 c5 2. Nc3 e6 3. g3 Nc6 4. Bg2 Nf6 5. d3 d5 6. exd5 exd5 7. Bg5 Be7 8. Bxf6 {B24: Closed Sicilian: 3 g3 sidelines.} Bxf6 9. Nxd5 O-O (9... Bxb2 $5 10. Rb1 Be6 $11) 10. c3 {[#] The position is equal.} Ne5 $146 {[%cal Bc6e5,Be5d3,Bd3b2][%mdl 32]} ({Predecessor:} 10... Re8+ 11. Ne2 Bg4 12. Ne3 Bh5 13. Qd2 Ne5 14. Nf4 Nf3+ 15. Bxf3 Bxf3 16. O-O Qd7 17. Rfe1 g5 18. Nfg2 Qh3 19. d4 Re6 20. Qd3 Rae8 21. Qf5 Bxg2 {0-1 (21) Muender,M-Kunsztowicz,U Hamburg 1974}) 11. h3 (11. Ne2 $14 {keeps the upper hand.}) 11... Bf5 $17 12. Ne2 Nxd3+ 13. Kf1 Nxb2 {Black is more active.} 14. Qb3 {[%csl LRb2,LRb7]} Nd3 $36 {[%mdl 2048] Black has strong initiative.} 15. Qxb7 {Now White is beyond hope.} (15. Rd1 $17 {keeps fighting.}) 15... Rb8 $19 16. Qa6 (16. Qc7 {is more resistant.}) 16... Rb2 {Threatens to win with ...Re8.} 17. Rd1 Re8 {[%cal Bf8e8,Be8e2,Be2f2,Bf2f5][%mdl 32]} ({Not} 17... Qe8 $2 18. Bf3 Ne5 19. Qxf6 gxf6 20. Nxf6+ Kg7 21. Nxe8+ Rxe8 22. Ng1 $19) 18. Ne3 Bg5 19. Nxf5 Rexe2 {Black mates.} 20. Kg1 {[#]} Rxf2 $1 21. Be4 {[#]} (21. Bf3 Rxf3) 21... Rxf5 $1 {[%mdl 512] Weighted Error Value: White=1.39/Black=0.07 (flawless)} 0-1

[Event "20th Prague Open 2022"]
[Site "Prague"]
[Date "2022.01.08"]
[Round "3.3"]
[White "Mirzoev, Azer"]
[Black "Unneland, Mathias"]
[Result "1-0"]
[WhiteElo "2420"]
[BlackElo "2262"]
[Annotator "NA RC"]
[PlyCount "89"]
[EventDate "2022.01.07"]
[EventType "swiss"]
[EventCountry "CZE"]
[SourceTitle "playchess.com"]
[Source "ChessBase"]
[SourceQuality "1"]
[TimeControl "40/5400+30:1800+30"]

1. c4 {[%emt 0:01:14]} Nf6 {[%emt 0:00:42]} 2. Nc3 {[%emt 0:00:05]} e5 {[%emt 0:00:33]} 3. e3 {[%emt 0:00:17]} d5 {[%emt 0:02:42]} 4. cxd5 {[%emt 0:00:09]} Nxd5 {[%emt 0:00:07]} 5. Nf3 {[%emt 0:00:09]} Nc6 {[%emt 0:03:54]} 6. Bb5 {[%emt 0:05:17]} Nxc3 {[%emt 0:11:02]} 7. bxc3 {[%emt 0:00:37]} Bd6 {[%emt 0:04:42]} 8. d4 {[%emt 0:10:45]} e4 {[%emt 0:09:51]} 9. Nd2 {[%emt 0:00:43]} Qg5 {[%emt 0:00:34]} 10. Qa4 {[%emt 0:02:09]} Bd7 {[%emt 0:04:46]} 11. g3 {[%emt 0:02:20]} a6 {[%emt 0:01:44]} 12. Be2 {[%emt 0:01:50]} f5 {[%emt 0:09:55]} 13. Qb3 {[%emt 0:01:57]} Nd8 {[%emt 0:10:36]} 14. Ba3 {[%emt 0:01:41]} Bxa3 {[%emt 0:02:14]} 15. Qxa3 {[%emt 0:00:05]} Qe7 {[%emt 0:00:41]} 16. Qb3 {[%emt 0:02:17]} Be6 {[%emt 0:00:53]} 17. Bc4 {[%emt 0:00:58]} O-O {[%emt 0:02:52]} 18. a4 {[%emt 0:00:17]} Bxc4 {[%emt 0:07:56]} 19. Nxc4 {[%emt 0:01:20]} Qe6 {[%emt 0:00:31]} 20. Nd2 {[%emt 0:00:18]} Qxb3 {[%emt 0:03:40]} 21. Nxb3 {[%emt 0:00:05]} a5 {[%emt 0:01:21]} 22. Ke2 {[%emt 0:00:40]} Rf6 {[%emt 0:03:38]} 23. Rab1 {[%emt 0:02:05]} b6 {[%emt 0:06:03]} 24. h4 {[%emt 0:00:27]} Nb7 {[%emt 0:01:00]} 25. Rhc1 {[%emt 0:02:12]} Rc8 {[%emt 0:01:41]} 26. Rc2 {[%emt 0:08:40]} c5 {[%emt 0:02:11]} 27. Rcb2 {[%emt 0:03:58]} cxd4 {[%emt 0:01:20]} 28. cxd4 {[%emt 0:00:04]} Rc4 {[%emt 0:00:41]} 29. Nd2 {[%emt 0:01:05]} Rxa4 {[%emt 0:00:39]} 30. Rxb6 {[%emt 0:00:40]} Rxb6 {[%emt 0:00:06]} 31. Rxb6 {[%emt 0:00:10]} Rb4 {[%emt 0:00:06]} 32. Ra6 {[%emt 0:00:41]} Kf7 {[%emt 0:01:10]} 33. Kd1 {[%emt 0:00:12]} Ke7 {[%emt 0:02:43]} 34. Kc2 {[%emt 0:00:18]} Kd7 {[%emt 0:00:36]} 35. Kc3 {[%emt 0:01:03]} Ra4 {[%emt 0:02:04]} 36. Nc4 {[%emt 0:05:31]} Ra2 {[%emt 0:01:15]} 37. d5 {[%emt 0:06:59]} Rxf2 {[%emt 0:00:51]} 38. Ne5+ {[%emt 0:00:12]} Ke7 {[%emt 0:01:31]} 39. Ra7 {[%emt 0:03:13]} Kd6 {[%emt 0:00:10]} 40. Nc4+ {[%emt 0:00:29]} Kxd5 {[%emt 0:00:34]} 41. Rxb7 {[%emt 0:30:06]} g6 {[%emt 0:30:10]} 42. Rxh7 {[%emt 0:12:48]} Rg2 {[%emt 0:01:03]} 43. Ra7 {[%emt 0:02:19]} Rxg3 {[%emt 0:00:00]} 44. Rxa5+ {[%emt 0:00:00]} Ke6 {[%emt 0:00:00]} 45. Kd4 {[%emt 0:00:00]} 1-0

[Event "20th Prague Open 2022"]
[Site "Prague"]
[Date "2022.01.08"]
[Round "3.4"]
[White "Torngren, Gustav"]
[Black "Neuman, Petr"]
[Result "0-1"]
[WhiteElo "2228"]
[BlackElo "2402"]
[Annotator "TA"]
[PlyCount "92"]
[EventDate "2022.01.07"]
[EventType "swiss"]
[EventCountry "CZE"]
[SourceTitle "playchess.com"]
[Source "ChessBase"]
[SourceQuality "1"]

{[%evp 15,92,38,24,10,17,16,16,0,0,-2,0,-5,0,-17,-24,-3,-22,-36,-30,-37,-25,-75,-6,-12,-13,-21,-27,-18,0,0,0,0,15,8,20,10,60,74,57,51,60,4,37,0,18,-11,-11,-10,-12,-19,0,-25,0,0,0,0,1,-2,36,-145,-163,-193,-204,-541,-543,-535,-530,-529,-533,-521,-536,-536,-534,-546,-529,-562,-557,-529,-481]} 1. d4 d6 2. e4 Nf6 3. Nc3 e5 4. Nf3 Nbd7 5. Bc4 Be7 6. a4 {[%cal Ba2a4,Ba4a5][%mdl 32]} O-O 7. a5 c6 8. O-O Rb8 9. Re1 {C41: Philidor Defence.} b5 10. axb6 axb6 11. Bf1 {The position is equal.} b5 12. b3 Bb7 13. Bb2 Qc7 14. g3 Rfe8 15. Bg2 Bf8 {[#]} 16. dxe5 $146 ({Predecessor:} 16. Nb1 Ra8 17. Nbd2 Rxa1 18. Qxa1 g6 19. Bc3 Ra8 20. Qb2 exd4 21. Bxd4 Bg7 22. e5 dxe5 23. Nxe5 {1-0 (30) Zapata,A (2505)-Andonov,B (2450) Camaguey 1987}) 16... dxe5 17. Qe2 Nc5 18. Nb1 (18. Nh4 $11) 18... Nfd7 ({Much worse is} 18... Nfxe4 19. b4 Na4 20. Rxa4 (20. Qxe4 Nxb2 21. Ng5 g6 $17) 20... bxa4 21. Qxe4 $11) (18... Ncxe4 $17 {Strongly threatening ...Bc5.} 19. Nbd2 Nxd2 20. Qxd2 Rbd8) 19. Nbd2 $11 f6 20. h4 Ne6 21. Nf1 Bc5 22. Red1 Ndf8 23. c3 Rbd8 24. b4 Be7 25. Ne3 g6 ({Black should play} 25... Nd7 $11) 26. h5 Rxd1+ 27. Rxd1 Rd8 28. Nh4 (28. Ra1 $14) 28... Bc8 29. hxg6 (29. Rf1 {looks sharper.} Ng7 30. Bf3 Nge6 31. Bc1 Ng5 32. Bg2) 29... hxg6 30. Qc2 Rxd1+ 31. Qxd1 Ng5 32. Qc2 Be6 33. Nf3 {[%cal Bh4f3,Bf3e1,Be1d3][%mdl 32]} Nfh7 {[%cal Bf8h7,Bh7g5,Bg5f3,Bf3g1][%mdl 32]} 34. Ne1 Bf8 35. Nd3 Qa7 36. c4 Nh3+ 37. Kh2 $2 (37. Bxh3 $14 {keeps the upper hand.} Bxh3 38. cxb5) 37... N7g5 $17 {Black is more active.} 38. cxb5 Qh7 {...Nf4+ is the strong threat.} 39. bxc6 $2 {[#]} (39. b6 Nxf2+ 40. Kg1 Nfh3+ 41. Bxh3 (41. Kf1 Qb7 $17) 41... Nxh3+ 42. Kf1) 39... Nf4+ $1 $19 {Black is clearly winning.} ({Not} 39... Nxf2+ 40. Kg1 Nxd3 41. Qxd3 $14) 40. Kg1 Nxg2 41. Nxg2 {And now Nh4 would win.} Nf3+ 42. Kf1 {[%cal Og2h4]} Qh1+ 43. Ke2 Qxg2 44. c7 Ng1+ 45. Kd2 Bh6+ 46. Kc3 Qxe4 {Weighted Error Value: White=0.27 (precise) /Black=0.09 (flawless)} 0-1

[Event "20th Prague Open 2022"]
[Site "Prague"]
[Date "2022.01.08"]
[Round "3.5"]
[White "Haring, Filip"]
[Black "Michalczak, Thomas"]
[Result "1-0"]
[WhiteElo "2398"]
[BlackElo "2218"]
[Annotator "TA"]
[PlyCount "63"]
[EventDate "2022.01.07"]
[EventType "swiss"]
[EventCountry "CZE"]
[SourceTitle "playchess.com"]
[Source "ChessBase"]
[SourceQuality "1"]

{[%evp 13,63,22,32,19,36,6,49,18,22,16,23,0,0,0,2,0,11,18,38,49,50,14,14,13,19,-25,0,0,5,0,0,0,192,187,424,407,800,881,868,852,1110,1077,5229,5229,29979,754,29980,29981,29992,29993,29993,29994]} 1. e4 c5 2. Nf3 {[%cal Bg1f3,Bf3d4,Bd4b3][%mdl 32]} e6 3. d4 cxd4 4. Nxd4 a6 5. Bd3 Bc5 6. Nb3 Ba7 7. Qe2 $1 {7.Qe2 is better than 7.0-0.} d6 8. Nc3 {B42: Sicilian: Kan Variation: 5 Bd3.} Nf6 {[#] is the legacy move (8...Nc6).} 9. g4 $146 ({Predecessor:} 9. Be3 Qc7 10. f4 Nbd7 11. a4 Nc5 12. Nxc5 Bxc5 13. O-O Ng4 14. Bxc5 Qxc5+ 15. Kh1 {1-0 (34) Dervishi,E (2506)-Mateo,R (2403) Turin 2006}) 9... h6 (9... b5 $11 {is superior.}) 10. f3 {White is slightly better.} b5 11. Be3 Nc6 12. O-O-O b4 13. Nb1 Ne5 14. h4 Bxe3+ 15. Qxe3 Qc7 16. Be2 Bb7 17. g5 Rc8 {[%csl Gc8][%cal Rc7c2] [#]} 18. c3 Nfd7 19. f4 (19. Qd4 $142) 19... Nc4 20. Bxc4 Qxc4 21. Rd4 Qb5 22. Rxd6 {Strongly threatening Rhd1.} bxc3 $2 (22... hxg5 $1 $11 {and Black is okay.} 23. fxg5 Ne5) 23. Nxc3 $18 Qa4 $2 (23... hxg5 24. Rhd1 gxf4) 24. Rhd1 Qxa2 (24... Qxe4 $142 25. Qxe4 Bxe4 26. Rxd7 hxg5 27. hxg5 Rh4) 25. Rxd7 {[%cal Oe3c5]} Qxb3 26. Qd4 {White threatens Rd8+ and mate.} O-O 27. gxh6 {[%csl Gh6][%cal Rd4g7]} e5 28. Qxe5 {[%csl Gh6][%cal Re5g7]} f6 29. Rxg7+ ({Inferior is} 29. Qe7 Rxc3+ 30. bxc3 Qxc3+ 31. Kb1 Qb3+ 32. Kc1 (32. Ka1 Qc3+ 33. Kb1 Qb3+ 34. Kc1 Qc3+ 35. Kb1 $11) 32... Qc3+ 33. Kb1 Qb3+ 34. Kc1 (34. Ka1 Qc3+ 35. Kb1 $11) 34... Qc3+ $11) 29... Kh8 {[#]} 30. Rdd7 $1 {[%mdl 512] White mates.} Bxe4 (30... Rf7 31. Rdxf7) 31. Qxe4 {[%csl Gd7,Gg7][%cal Re4h7]} Rxc3+ 32. Kb1 {Weighted Error Value: White=0.10 (very precise) /Black=0.64} 1-0

[Event "20th Prague Open 2022"]
[Site "Prague"]
[Date "2022.01.08"]
[Round "3.6"]
[White "Novotny, Michal"]
[Black "Jurcik, Marian"]
[Result "1/2-1/2"]
[WhiteElo "2236"]
[BlackElo "2397"]
[Annotator "TA"]
[PlyCount "41"]
[EventDate "2022.01.07"]
[EventType "swiss"]
[EventCountry "CZE"]
[SourceTitle "playchess.com"]
[Source "ChessBase"]
[SourceQuality "1"]

{[%evp 12,41,15,15,21,12,10,5,0,-1,10,0,12,-21,-1,-12,-7,-21,-20,-25,-26,-22,-8,-8,-8,-63,-44,-52,-40,-102,-26,-35]} 1. e4 c5 2. Nf3 e6 3. g3 Nc6 4. Bg2 Nf6 5. Qe2 d6 6. O-O Be7 7. c3 e5 {C00: French: Unusual White 2nd moves.} 8. Na3 (8. Rd1 $5 {[%cal Rd2d4]}) 8... O-O 9. d3 Re8 {The position is equal.} 10. Nc4 b5 11. Ne3 {[#]} Bf8 $146 ({Predecessor:} 11... Rb8 12. Nh4 Bf8 13. h3 g6 14. Kh2 b4 15. Bf3 Be6 16. Ng4 Nxg4+ 17. Bxg4 d5 18. Bxe6 Rxe6 {1-0 (64) Leisch,L (2401)-Ruff,M (2284) Innsbruck 2021}) 12. Nh4 Bd7 13. Bd2 Rb8 14. Be1 g6 15. f4 exf4 16. gxf4 Bg7 {[%cal Od6d5]} 17. Bf3 d5 {[%cal Rd5e4,Bd6d5,Bd5d4][%mdl 32]} 18. Qg2 (18. e5 $1 $11) 18... d4 $15 19. Nc2 Qc8 20. Qd2 (20. Qg3 $15) 20... Bg4 ({Better is} 20... Bh3 $17 21. Bg2 Bxg2 22. Qxg2 Qd7 23. cxd4 Nxd4 24. Nxd4 Qxd4+ 25. Bf2 Qxb2) 21. cxd4 {Weighted Error Value: White=0.16 (very precise) /Black=0.11 (very precise)} 1/2-1/2

[Event "20th Prague Open 2022"]
[Site "Prague"]
[Date "2022.01.08"]
[Round "3.7"]
[White "Vojta, Jakub"]
[Black "Blahynka, Martin"]
[Result "1-0"]
[WhiteElo "2289"]
[BlackElo "2399"]
[Annotator "TA"]
[PlyCount "127"]
[EventDate "2022.01.07"]
[EventType "swiss"]
[EventCountry "CZE"]
[SourceTitle "playchess.com"]
[Source "ChessBase"]
[SourceQuality "1"]

{[%evp 14,127,24,14,10,17,16,-11,8,25,56,43,89,55,124,122,117,120,109,106,137,138,126,107,124,122,158,0,0,18,23,20,14,25,143,142,139,158,141,54,92,64,138,144,156,144,143,120,128,130,228,24,106,39,43,39,30,14,20,15,37,52,82,88,92,90,153,156,181,0,139,101,154,156,427,419,526,246,239,237,217,224,286,276,341,314,824,0,254,167,387,383,1308,1407,661,668,1586,4632,1380,668,668,661,654,588,29971,29973,29974,29975,29971,29961,29979,29979,29981,29982,29982,29983]} 1. c4 Nf6 2. g3 e6 3. Bg2 d5 4. Nf3 Be7 5. b3 d4 6. Bb2 Nc6 7. O-O O-O 8. e3 {[%cal Re3d4]} e5 {A14: English Opening: 1...e6 with b3 by White.} 9. exd4 exd4 10. Na3 {is the legacy move (10.d3).} Bf5 {The position is equal.} 11. d3 Bc5 12. Nc2 $1 Qd7 {[#]} (12... a5 $14) 13. Re1 $146 ({Predecessor:} 13. b4 Nxb4 14. Nxb4 Bxb4 15. Nxd4 Bg4 16. Bf3 Rad8 17. Nc2 Be7 18. d4 c6 19. Ne3 {1-0 (33) Wintzer,J (2260)-Astengo,C (2114) Tegernsee 2018}) 13... Rae8 ({Black should try} 13... a5 $14) 14. Qd2 $16 Qd6 15. a3 {b4 is the strong threat.} a5 {To avoid b4} 16. Nh4 Bg4 17. Bxc6 Qxc6 18. b4 axb4 19. axb4 Qb6 20. Qg5 (20. Rxe8 $16 Rxe8 21. Qg5) 20... Rxe1+ $1 $11 21. Rxe1 Bxb4 {This bishop pair is nice.} 22. Bxd4 h6 23. Qf4 $40 {[%mdl 128] White is up to no good.} Bd6 {[#]} 24. Qxf6 $3 $16 {[%mdl 512]} gxf6 25. Bxb6 cxb6 26. Kg2 (26. Ne3 $16 Be6 27. d4) 26... Rd8 27. Ne3 Be6 (27... Bd7 $1 $14) 28. d4 $1 Kh7 29. Rb1 Bc7 30. d5 Bd7 31. Nhf5 b5 (31... h5 $16 32. Kf3 Kg6) 32. g4 $2 (32. Nd4 $1 $18) 32... Bb6 (32... h5 $11) 33. Nd6 {White is more active.} (33. Kf3 $16) 33... Bxe3 $14 34. fxe3 bxc4 35. Nxc4 Bxg4 {[%mdl 4096] Endgame KRB-KRN} 36. e4 Be2 37. Ne3 {[%mdl 1024] White has compensation.} Bd3 38. Rb4 b5 39. Kf3 Kg6 (39... Ra8 $142) 40. Rd4 $16 Bb1 41. Rb4 (41. Nf5 $18) 41... Bd3 42. Nf5 Kg5 (42... Bf1 $142) 43. h4+ $1 Kh5 $2 (43... Kg6 $16 44. Rb3 Bc4 45. h5+ Kxh5) 44. Rb2 $18 Rg8 45. Ng3+ (45. d6 $142) 45... Kg6 {[#]} (45... Kxh4 $2 46. Rh2+ Kg5 47. Rg2 $18) 46. Ke3 $1 Bc4 47. Kd4 Rc8 48. Nf5 Kh5 49. Rg2 {Inhibits Rg8.} Bb3 $2 (49... Ra8 50. Rg7 Ra7) 50. Rb2 $2 (50. Ke3 {aiming for Kf4.} Rc1 51. d6 Re1+ 52. Re2) 50... Bc4 $1 51. Nd6 Rf8 (51... Rd8) 52. Nxb5 ({Weaker is} 52. Nxc4 bxc4 53. Kxc4 Kxh4 $18) 52... Bxb5 (52... Bf1 53. Nd6 Kg6) 53. Rxb5 Kxh4 {[#] KR-KR} 54. d6 $1 {Strongly threatening Rf5.} Kg4 55. Rf5 h5 56. Kd5 (56. Rxf6 $142 h4 57. e5) 56... h4 57. Rxf6 {Black must now prevent d7.} h3 58. Rh6 {To avoid Rh8. Hoping for d7.} Kg3 59. d7 {White mates.} Ra8 60. Rh7 Ra1 61. Kd6 ({Inferior is} 61. Rxh3+ Kxh3 62. Kd6 Ra6+ 63. Ke7 Ra8 $11) 61... Kf4 62. Ke7 Rd1 63. d8=Q Rxd8 64. Rxf7+ {Weighted Error Value: White=0.44/Black=0.49} 1-0

[Event "20th Prague Open 2022"]
[Site "Prague"]
[Date "2022.01.08"]
[Round "3.8"]
[White "Fus, Jakub"]
[Black "Stanojevic, Ilija"]
[Result "1-0"]
[WhiteElo "2384"]
[BlackElo "2190"]
[Annotator "TA"]
[PlyCount "59"]
[EventDate "2022.01.07"]
[EventType "swiss"]
[EventCountry "CZE"]
[SourceTitle "playchess.com"]
[Source "ChessBase"]
[SourceQuality "1"]

{[%evp 9,59,54,64,64,114,117,109,87,79,66,112,116,153,140,147,153,164,159,166,163,189,174,214,211,224,134,236,266,242,223,381,363,405,389,451,451,685,585,767,715,731,678,991,968,1278,1269,1198,1149,1694,1560,1227,1037]} 1. Nf3 e6 2. c4 f5 3. Nc3 Nf6 4. d4 {[%cal Bd2d4,Bd4d5][%mdl 32]} d6 5. Qc2 Be7 6. e4 {A85: Dutch Defence: 2 c4 Nf6 3 Nc3.} Nc6 {[#]} (6... fxe4 $14 7. Nxe4 Nxe4 8. Qxe4 d5) 7. exf5 $146 ({Predecessor:} 7. a3 a5 8. Bd3 e5 9. dxe5 dxe5 10. exf5 O-O 11. O-O Nd4 12. Nxd4 exd4 13. Ne4 Nxe4 14. Bxe4 {1-0 (36) Mendes,M (2003)-Goncalves,G (1617) Caparica 2017}) 7... exf5 8. d5 {White is better.} Ne5 9. Nd4 g6 (9... O-O $14) 10. f4 Neg4 11. h3 Nh6 12. Be3 $36 {[%mdl 2048] Black is under strong pressure. White is more active.} Nh5 13. O-O-O Ng3 14. Rg1 Nxf1 15. Rdxf1 O-O 16. Re1 Bf6 {[#]} 17. Bf2 ({Better is} 17. Ne6 $1 $18 {[%cal Re6d8]} Bxe6 18. dxe6) 17... Re8 {[#]} (17... Bxd4 $16 {was worth a try.} 18. Bxd4 c5) 18. Ne6 $1 $18 Bxe6 19. dxe6 {Threatens to win with g4.} ({Resist} 19. Rxe6 $6 c6 $16) 19... c6 $2 (19... Kh8 20. Qd2 c6) 20. g4 fxg4 21. hxg4 d5 22. f5 {White is clearly winning.} Qd6 (22... d4 $142 23. Ne4 Bg7) 23. Be3 g5 24. Qd2 {[%csl LRd5,LRg5]} Qe7 25. cxd5 Red8 26. Bd4 cxd5 27. Bxf6 Qxf6 28. Nxd5 Rac8+ 29. Kb1 Qg7 30. f6 {Black did not feel at home in the position after the opening.  Weighted Error Value: White=0.12 (very precise) /Black=0.60} 1-0

[Event "20th Prague Open 2022"]
[Site "Prague"]
[Date "2022.01.08"]
[Round "3.9"]
[White "Zadrapa, Radek"]
[Black "Kozak, Antoni"]
[Result "0-1"]
[WhiteElo "2021"]
[BlackElo "2356"]
[Annotator "TA"]
[PlyCount "40"]
[EventDate "2022.01.07"]
[EventType "swiss"]
[EventCountry "CZE"]
[SourceTitle "playchess.com"]
[Source "ChessBase"]
[SourceQuality "1"]

{[%evp 9,40,12,17,-14,-16,-3,-5,-23,-18,-27,-14,-35,-29,-64,-47,-48,-56,-58,-58,-60,-53,-92,-77,-232,-230,-376,-279,-271,-275,-343,-346,-358,-341]} 1. e4 c6 2. d4 d5 3. e5 Bf5 4. Nf3 e6 5. Nbd2 {[%cal Bb1d2,Bd2b3,Bb3d4][%mdl 32]} c5 6. dxc5 {B12: Caro-Kann: Advance Variation.} Bxc5 7. Nb3 Bb6 8. Nbd4 {The position is equal.} Bg4 9. c3 Nd7 10. Qa4 Ne7 {[%cal Bg8e7,Be7g6,Bg6e5,Be5d3][%mdl 32]} 11. Bg5 {[#]} O-O $146 ({Predecessor:} 11... h6 12. Bh4 Bxf3 13. Nxf3 Qc7 14. Bb5 g5 15. Bg3 O-O-O 16. Bxd7+ Qxd7 17. Qxd7+ Kxd7 {½-½ (46) Hladecek,M (2283)-Sykora,J (2399) ICCF email 2004}) 12. Nc6 bxc6 13. Qxg4 Qe8 14. Bd3 {Strongly threatening Bxe7.} Ng6 15. Qh5 Bc7 16. Bf4 $2 {[#] Now White is beyond hope.} f5 $1 $19 {[%cal Bf7f5,Bf5f4][%mdl 32]} 17. Bg3 (17. Bc1 $142) 17... Ngxe5 18. Qxe8 Nxd3+ {Pair of Knights!} ({Worse is} 18... Rfxe8 19. Nxe5 Bxe5 20. Bxe5 Nxe5 21. Kd2 $17) 19. Kd2 Rfxe8 {Chess con chili.} (19... Raxe8 $2 {loses.} 20. Bxc7 Nxb2 21. Rhe1) 20. Kxd3 f4 {Weighted Error Value: White=0.36/Black=0.07 (flawless)} 0-1